Lí luận - phê bình văn học thế giới thế kỉ XX T.2
Giới thiệu toàn cảnh về lí luận, phê bình văn học thế giới thế kỷ XX với các trường phái, xu hướng lí luận, các lý thuyết phê bình văn học chính yếu nhất.
Uloženo v:
| Hlavní autor: | |
|---|---|
| Další autoři: | , |
| Médium: | Kniha |
| Jazyk: | Vietnamese |
| Vydáno: |
H.
Giáo dục
2007
|
| Témata: | |
| Tagy: |
Přidat tag
Žádné tagy, Buďte první, kdo otaguje tento záznam!
|
| Thư viện lưu trữ: | Mạng thư viện Đại học Đà Nẵng |
|---|
| LEADER | 01635nam a2200397 4500 | ||
|---|---|---|---|
| 001 | 000004455 | ||
| 003 | 594 | ||
| 005 | 20120413080435.0 | ||
| 008 | 110720s2007 viesd | ||
| 020 | |c 233000 | ||
| 041 | 0 | |a vie | |
| 082 | |a 809 |b LÔ-T | ||
| 100 | 0 | |a Lộc Phương Thủy | |
| 245 | 1 | 0 | |a Lí luận - phê bình văn học thế giới thế kỉ XX |c Dịch, b.s.: Lộc Phương Thuỷ (ch.b.), Phạm Vĩnh Cư, Trương Đăng Dung.. |n T.2 |
| 260 | |a H. |b Giáo dục |c 2007 | ||
| 300 | |a 955tr., 8tr. ảnh |c 24cm | ||
| 520 | |a Giới thiệu toàn cảnh về lí luận, phê bình văn học thế giới thế kỷ XX với các trường phái, xu hướng lí luận, các lý thuyết phê bình văn học chính yếu nhất. | ||
| 653 | |a Văn học thế giới | ||
| 653 | |a Lí luận văn học | ||
| 653 | |a Phê bình văn học | ||
| 653 | |a Thế kỷ XX | ||
| 700 | |a Lộc Phương Thuỷ |e dịch, b.s. | ||
| 700 | |a Đỗ Lai Thuý |e dịch, b.s. | ||
| 700 | |a Đỗ Lai Thuý |e dịch, b.s. | ||
| 773 | |t Lí luận - phê bình văn học thế giới thế kỉ XX |w 587 | ||
| 910 | |a Huỳnh Thị Cẩm Lai |d 20/07/2011 | ||
| OWN | |a LSP | ||
| AVA | |a UDN50 |b LSP |d 809 LÔ-T |e available |t Error 5001 Not defined in file expand_doc_bib_avail. |f 10 |g 0 |h N |i 0 |k 1 | ||
| 999 | |a From the UDN01 | ||
| AVA | |a UDN50 |b LSP |d 809 LÔ-T |e available |t Error 5001 Not defined in file expand_doc_bib_avail. |f 10 |g 0 |h N |i 0 |k 1 | ||
| TYP | |a Monograph | ||
| TYP | |a Printed language | ||
| 980 | |a Mạng thư viện Đại học Đà Nẵng | ||